00602nam a2200157 i 450000100060000000300090000600500170001500700030003200800410003511000610007624501790013726000560031630000210037285200250039385200260041822106ES-MaACL20250831121725.0t|021211s1885 sp ||||1| spa d2 aAsociación para la Reforma de los Aranceles de Aduanas10aMeeting celebrado en el teatro de la Alhambra el día 7 de junio de 1885b: tema: Ruptura de las negociaciones con Inglaterra y sus consecuencias para el comercio español. aMadrid : b[s.n.], c1885 (fImp. de E. de la Riva) a61 p. ; c22 cm. aES-MaACLjT-372-F-13 aES-MaACLjFol-Laf-241